[Event "Titled Tuesday intern op 13th Aug Late"]
[Site "Chess.com INT"]
[Date "2024.08.13"]
[Round "4"]
[White "Bonin, Jay R"]
[Black "Dmitriev, Sergey"]
[Result "1-0"]
[WhiteElo "2137"]
[BlackElo "2312"]
[PlyCount "45"]
[EventDate "2024.08.13"]
[EventType "swiss (blitz)"]
[EventRounds "11"]
[EventCountry "USA"]
[SourceTitle "EXT 2025"]
[Source "ChessBase"]
[SourceDate "2024.10.14"]
[SourceVersion "1"]
[SourceVersionDate "2024.10.14"]
[SourceQuality "1"]

1. d4 d6 2. Bg5 g6 3. Nd2 Bg7 4. c3 Nf6 5. Bxf6 Bxf6 6. e4 e5 7. dxe5 dxe5 8. Bc4 Nc6 9. Ngf3 Bg4 10. h3 Bxf3 11. Qxf3 0-0 12. Rd1 Qe7 13. h4 Bxh4 14. Qh3 Bxf2+ 15. Kxf2 h5 16. g4 Qf6+ 17. Nf3 Rfd8 18. gxh5 Rxd1 19. Rxd1 g5 20. Qg4 Na5 21. Bb3 Qb6+ 22. Kg2 Qe3 23. Qxg5+ 1-0

[Event "Titled Tuesday intern op 13th Aug Late"]
[Site "Chess.com INT"]
[Date "2024.08.13"]
[Round "3"]
[White "Dmitriev, Sergey"]
[Black "Lebedev, Artem S"]
[Result "0-1"]
[WhiteElo "2312"]
[BlackElo "2051"]
[PlyCount "106"]
[EventDate "2024.08.13"]
[EventType "swiss (blitz)"]
[EventRounds "11"]
[EventCountry "USA"]
[SourceTitle "EXT 2025"]
[Source "ChessBase"]
[SourceDate "2024.10.14"]
[SourceVersion "1"]
[SourceVersionDate "2024.10.14"]
[SourceQuality "1"]

1. e4 e5 2. Nf3 Nc6 3. Bc4 Bc5 4. Nc3 Nf6 5. 0-0 d6 6. h3 a6 7. a4 h6 8. Nd5 Nxe4 9. c3 0-0 10. d4 exd4 11. cxd4 Ba7 12. Re1 Re8 13. Qd3 Bf5 14. Qb3 Na5 15. Qa2 Nxc4 16. Qxc4 c6 17. Ne3 d5 18. Qb4 Bc8 19. Ne5 Qb6 20. Qxb6 Bxb6 21. Nc2 Bf5 22. Ne3 Bh7 23. Rd1 f6 24. Nf3 Re7 25. Nd2 Nxd2 26. Rxd2 Rae8 27. b3 f5 28. Bb2 f4 29. Ng4 Re2 30. Rad1 Bc2 31. Rxe2 Rxe2 32. Rc1 Bxb3 33. Ba3 Bxd4 34. Rb1 Bxa4 35. Rxb7 h5 36. Rb8+ Kh7 37. Rb4 Re1+ 38. Kh2 c5 39. Rxa4 hxg4 40. hxg4 Ra1 41. Rxa6 Bb2 42. Bxb2 Rxa6 43. Be5 Ra2 44. Bxf4 Rxf2 45. Be3 Rc2 46. Kg3 d4 47. Bf4 d3 48. Kf3 c4 49. Ke3 Re2+ 50. Kd4 d2 51. Bxd2 Rxd2+ 52. Kxc4 Rxg2 53. Kd3 Rxg4 0-1

[Event "Titled Tuesday intern op 13th Aug Late"]
[Site "Chess.com INT"]
[Date "2024.08.13"]
[Round "7"]
[White "Hajdinic, Ema"]
[Black "Dmitriev, Sergey"]
[Result "1-0"]
[WhiteElo "2067"]
[BlackElo "2312"]
[PlyCount "40"]
[EventDate "2024.08.13"]
[EventType "swiss (blitz)"]
[EventRounds "11"]
[EventCountry "USA"]
[SourceTitle "EXT 2025"]
[Source "ChessBase"]
[SourceDate "2024.10.14"]
[SourceVersion "1"]
[SourceVersionDate "2024.10.14"]
[SourceQuality "1"]

1. e4 e5 2. Nc3 Nc6 3. Bc4 Nf6 4. d3 Bc5 5. f4 Bxg1 6. Rxg1 d6 7. h3 Na5 8. Bb3 Nxb3 9. axb3 c6 10. f5 Qb6 11. Ke2 d5 12. g4 h6 13. Bd2 Bd7 14. Qf1 dxe4 15. dxe4 0-0-0 16. Be3 c5 17. Qf2 Bb5+ 18. Kf3 Nd7 19. Nd5 Qc7 20. Nxc7 Kxc7 1-0

[Event "Titled Tuesday intern op 06th Aug Late"]
[Site "Chess.com INT"]
[Date "2024.08.06"]
[Round "8"]
[White "Dmitriev, Sergey"]
[Black "Aranda, Juan Manuel"]
[Result "0-1"]
[WhiteElo "2312"]
[BlackElo "2135"]
[PlyCount "90"]
[EventDate "2024.08.06"]
[EventType "swiss (blitz)"]
[EventRounds "11"]
[EventCountry "USA"]
[SourceTitle "EXT 2025"]
[Source "ChessBase"]
[SourceDate "2024.10.14"]
[SourceVersion "1"]
[SourceVersionDate "2024.10.14"]
[SourceQuality "1"]

1. e4 d6 2. Nf3 Nf6 3. Nc3 g6 4. d4 Bg7 5. Bc4 0-0 6. a4 c6 7. a5 Nxe4 8. Bxf7+ Rxf7 9. Nxe4 Bf5 10. Nc3 Bg4 11. Bg5 Qf8 12. Qe2 Bxd4 13. 0-0-0 Bxc3 14. bxc3 h6 15. Bh4 g5 16. Bg3 Rxf3 17. gxf3 Bxf3 18. Qe6+ Qf7 19. Qxh6 Nd7 20. Qxg5+ Qg7 21. Qf5 Bxh1 22. Rxh1 Nc5 23. Rg1 Rf8 24. Qh5 Rf6 25. f4 Kf8 26. Bf2 Qh6 27. Qg4 Qxf4+ 28. Qxf4 Rxf4 29. Bg3 Rf3 30. Re1 e5 31. c4 Kf7 32. Rd1 Ke6 33. Re1 e4 34. Bh4 d5 35. h3 Na4 36. cxd5+ cxd5 37. Bd8 Rxh3 38. Rg1 d4 39. Rg6+ Kd5 40. Rg5+ Kc4 41. Rg1 e3 42. Bg5 Rh5 43. Bf4 Rb5 44. Kd1 Nc3+ 45. Kc1 Rb1# 0-1

[Event "Titled Tuesday intern op 06th Aug Late"]
[Site "Chess.com INT"]
[Date "2024.08.06"]
[Round "5"]
[White "Stachanczyk, Jacek"]
[Black "Dmitriev, Sergey"]
[Result "1-0"]
[WhiteElo "2091"]
[BlackElo "2312"]
[PlyCount "73"]
[EventDate "2024.08.06"]
[EventType "swiss (blitz)"]
[EventRounds "11"]
[EventCountry "USA"]
[SourceTitle "EXT 2025"]
[Source "ChessBase"]
[SourceDate "2024.10.14"]
[SourceVersion "1"]
[SourceVersionDate "2024.10.14"]
[SourceQuality "1"]

1. c4 d6 2. g3 g6 3. Bg2 Bg7 4. Nc3 e6 5. e4 Ne7 6. Nge2 Nd7 7. 0-0 0-0 8. f4 f5 9. d3 e5 10. Be3 c6 11. d4 fxe4 12. Nxe4 exf4 13. Nxf4 Nf6 14. Ng5 Nf5 15. Qf3 Nxe3 16. Qxe3 Re8 17. Nge6 Bxe6 18. Nxe6 Qe7 19. d5 cxd5 20. cxd5 Nd7 21. Qb3 Ne5 22. Rac1 Rec8 23. Bh3 Rxc1 24. Rxc1 Nf3+ 25. Qxf3 Bxb2 26. Rc7 Qf6 27. Qxf6 Bxf6 28. Rxb7 Rc8 29. Nf4 Rc1+ 30. Kf2 Bd4+ 31. Kf3 Rc3+ 32. Ke2 Re3+ 33. Kd2 Bc5 34. Be6+ Kf8 35. Rxh7 Ra3 36. Nxg6+ Ke8 37. Rh8# 1-0

[Event "Titled Tuesday intern op 09th Apr Late"]
[Site "Chess.com INT"]
[Date "2024.04.09"]
[Round "2"]
[White "Dmitriev, Sergey"]
[Black "Bold, Andre"]
[Result "0-1"]
[WhiteElo "2312"]
[BlackElo "2218"]
[PlyCount "100"]
[EventDate "2024.04.09"]
[EventType "swiss (blitz)"]
[EventRounds "11"]
[EventCountry "USA"]
[SourceTitle "EXT 2025"]
[Source "ChessBase"]
[SourceDate "2024.10.14"]
[SourceVersion "1"]
[SourceVersionDate "2024.10.14"]
[SourceQuality "1"]

1. e4 c5 2. Nf3 d6 3. Bb5+ Bd7 4. Qe2 a6 5. Bxd7+ Qxd7 6. d4 cxd4 7. Nxd4 Nc6 8. Be3 g6 9. Nxc6 Qxc6 10. Bd4 e5 11. Bc3 b5 12. a3 Nf6 13. Nd2 Bh6 14. 0-0 Bxd2 15. Bxd2 Nxe4 16. Bh6 Rc8 17. c3 f5 18. f3 Nc5 19. Rad1 Kf7 20. Qd2 Rhd8 21. Qg5 Ne6 22. Qg3 a5 23. h4 b4 24. axb4 axb4 25. cxb4 Qb6+ 26. Kh2 Qxb4 27. Rc1 Qxb2 28. Rxc8 Rxc8 29. h5 Qb5 30. Rd1 Rd8 31. Bc1 Qa4 32. Re1 Rc8 33. h6 Rc4 34. Qf2 Rh4+ 35. Kg1 Qd4 36. Be3 Qc4 37. Qb2 f4 38. Qb7+ Kf6 39. Bf2 Rxh6 40. Qb8 Qc7 41. Qh8+ Qg7 42. Qc8 g5 43. Bb6 Qe7 44. Qh8+ Kg6 45. Qg8+ Kh5 46. Qb8 Rg6 47. Bf2 g4 48. fxg4+ Rxg4 49. Qb3 Kg6 50. Qh3 h5 0-1

[Event "Titled Tuesday intern op 09th Apr Late"]
[Site "Chess.com INT"]
[Date "2024.04.09"]
[Round "10"]
[White "Dmitriev, Sergey"]
[Black "Ivanov, Aleksandr Y"]
[Result "0-1"]
[WhiteElo "2312"]
[BlackElo "2068"]
[PlyCount "64"]
[EventDate "2024.04.09"]
[EventType "swiss (blitz)"]
[EventRounds "11"]
[EventCountry "USA"]
[SourceTitle "EXT 2025"]
[Source "ChessBase"]
[SourceDate "2024.10.14"]
[SourceVersion "1"]
[SourceVersionDate "2024.10.14"]
[SourceQuality "1"]

1. e4 e6 2. Nf3 d5 3. exd5 exd5 4. d4 Nf6 5. Nc3 Bd6 6. Bd3 0-0 7. 0-0 Bg4 8. h3 Bh5 9. Bg5 c6 10. g4 Bg6 11. Re1 Nbd7 12. Qd2 Qc7 13. Bxf6 Nxf6 14. Ne5 Bxd3 15. Qxd3 Rad8 16. f4 a6 17. a4 c5 18. Ne2 cxd4 19. Nxd4 Ne4 20. c4 Bc5 21. Kh2 Nf6 22. Nf5 Qb6 23. cxd5 Rxd5 24. Qf3 Rfd8 25. Rad1 Rxd1 26. Rxd1 Qxb2+ 27. Kg3 Re8 28. g5 Nh5+ 29. Qxh5 Qf2+ 30. Kg4 Qg2+ 31. Kh4 Bf2+ 32. Ng3 Qxg3# 0-1

[Event "Titled Tuesday intern op 09th Apr Late"]
[Site "Chess.com INT"]
[Date "2024.04.09"]
[Round "5"]
[White "Golubenko, Valentina"]
[Black "Dmitriev, Sergey"]
[Result "0-1"]
[WhiteElo "2209"]
[BlackElo "2312"]
[PlyCount "128"]
[EventDate "2024.04.09"]
[EventType "swiss (blitz)"]
[EventRounds "11"]
[EventCountry "USA"]
[SourceTitle "EXT 2025"]
[Source "ChessBase"]
[SourceDate "2024.10.14"]
[SourceVersion "1"]
[SourceVersionDate "2024.10.14"]
[SourceQuality "1"]

1. d4 d6 2. Nf3 g6 3. c4 Bg7 4. Nc3 Bg4 5. e4 Nf6 6. Qb3 Bxf3 7. gxf3 b6 8. Be3 Nc6 9. Qa4 Qd7 10. 0-0-0 Nb8 11. Qc2 Nc6 12. e5 Nh5 13. h4 Qd8 14. Qa4 Qd7 15. Bh3 e6 16. d5 Nb8 17. dxe6 Qxa4 18. exf7+ Kxf7 19. Nxa4 Bxe5 20. Bd4 Nc6 21. Bc3 Nf4 22. Bg4 h5 23. Bd7 Na5 24. Bxe5 dxe5 25. b3 Ne2+ 26. Kb2 Nd4 27. Rd3 Rad8 28. Bh3 Ne6 29. Re3 Nf4 30. Rxe5 Nd3+ 31. Kc3 Nxe5 32. Re1 Nxf3 33. Re3 Nxh4 34. c5 Rhe8 35. Rg3 Nf5 36. Bxf5 gxf5 37. Rg5 Kf6 38. Rxh5 Rh8 39. Rxh8 Rxh8 40. b4 Nc6 41. b5 Ne5 42. cxb6 axb6 43. f4 Rh3+ 44. Kd4 Nf3+ 45. Ke3 Ng5+ 46. Kf2 Ne4+ 47. Kg2 Ra3 48. Nb2 Rxa2 49. Kf3 Rxb2 50. Ke3 Rxb5 51. Kd4 Rc5 52. Kd3 b5 53. Kd4 Rc4+ 54. Kd5 c5 55. Kc6 b4 56. Kd5 Rc2 57. Kc6 b3 58. Kb5 b2 59. Kc6 b1Q 60. Kd5 Qb3+ 61. Kc6 Rb2 62. Kd7 Qb7+ 63. Ke8 Nd6+ 64. Kf8 Qf7# 0-1

[Event "Titled Tuesday intern op 09th Apr Late"]
[Site "Chess.com INT"]
[Date "2024.04.09"]
[Round "9"]
[White "Gruca, Miroslav"]
[Black "Dmitriev, Sergey"]
[Result "1-0"]
[WhiteElo "2198"]
[BlackElo "2312"]
[PlyCount "63"]
[EventDate "2024.04.09"]
[EventType "swiss (blitz)"]
[EventRounds "11"]
[EventCountry "USA"]
[SourceTitle "EXT 2025"]
[Source "ChessBase"]
[SourceDate "2024.10.14"]
[SourceVersion "1"]
[SourceVersionDate "2024.10.14"]
[SourceQuality "1"]

1. d4 d6 2. Nc3 g6 3. e4 Bg7 4. Bf4 Nf6 5. Qd2 0-0 6. f3 Nc6 7. 0-0-0 a5 8. Bh6 e5 9. Bxg7 Kxg7 10. Nge2 a4 11. g4 h6 12. h4 Na5 13. Ng3 Nd7 14. f4 exd4 15. Qxd4+ Qf6 16. g5 Qxd4 17. gxh6+ Kxh6 18. Rxd4 Nc6 19. Rd2 a3 20. b3 Nf6 21. h5 Bg4 22. hxg6+ Kxg6 23. Bd3 Kg7 24. Nf5+ Kg8 25. Nh6+ Kg7 26. Nxg4 Nxg4 27. Rg2 Kf6 28. Rxg4 Rh8 29. Rgh4 Rhg8 30. Rh6+ Ke7 31. Nd5+ Kd7 32. Nf6+ 1-0

[Event "Titled Tuesday intern op 02nd Jan Late"]
[Site "Chess.com INT"]
[Date "2024.01.02"]
[Round "9"]
[White "Alvarado, Carlos"]
[Black "Dmitriev, Sergey"]
[Result "1-0"]
[WhiteElo "2108"]
[BlackElo "2312"]
[PlyCount "61"]
[EventDate "2024.01.02"]
[EventType "swiss (blitz)"]
[EventRounds "11"]
[EventCountry "USA"]
[SourceTitle "EXT 2025"]
[Source "ChessBase"]
[SourceDate "2024.10.14"]
[SourceVersion "1"]
[SourceVersionDate "2024.10.14"]
[SourceQuality "1"]

1. d4 d6 2. Nf3 g6 3. Bg5 Bg7 4. Nbd2 Nf6 5. c3 0-0 6. e4 Nc6 7. Bb5 Bg4 8. Bxc6 bxc6 9. h3 Bd7 10. 0-0 e5 11. dxe5 dxe5 12. Re1 Re8 13. Qc2 Qc8 14. Nb3 Bxh3 15. gxh3 Qxh3 16. Bxf6 Bxf6 17. Nh2 Bg5 18. Qe2 Bf4 19. Nf1 Re6 20. Rad1 g5 21. Rd3 Qh4 22. Qf3 Rh6 23. Qg2 g4 24. Ng3 Qg5 25. Red1 Re8 26. Nd2 Ree6 27. Ndf1 Rh4 28. Ne3 Reh6 29. Nef5 Rh2 30. Rd8+ Qxd8 31. Rxd8# 1-0

[Event "Titled Tuesday intern op 02nd Jan Late"]
[Site "Chess.com INT"]
[Date "2024.01.02"]
[Round "1"]
[White "Dmitriev, Sergey"]
[Black "Baches Garcia, Guillermo"]
[Result "0-1"]
[WhiteElo "2312"]
[BlackElo "2327"]
[PlyCount "126"]
[EventDate "2024.01.02"]
[EventType "swiss (blitz)"]
[EventRounds "11"]
[EventCountry "USA"]
[SourceTitle "EXT 2025"]
[Source "ChessBase"]
[SourceDate "2024.10.14"]
[SourceVersion "1"]
[SourceVersionDate "2024.10.14"]
[SourceQuality "1"]

1. e4 c5 2. Nf3 d6 3. c3 Nf6 4. Qc2 Qc7 5. Bb5+ Nbd7 6. 0-0 g6 7. d4 cxd4 8. Nxd4 Bg7 9. Bd3 0-0 10. Bg5 Nc5 11. Re1 Nxd3 12. Qxd3 a6 13. Nd2 b6 14. Qe2 Bb7 15. f3 Rac8 16. Rac1 e6 17. Kh1 Nd7 18. h3 Rfe8 19. Qf2 Ne5 20. Qe2 b5 21. f4 Nc4 22. Nxc4 Qxc4 23. Qxc4 Rxc4 24. e5 dxe5 25. fxe5 b4 26. Nb3 bxc3 27. Na5 Rc7 28. Nxb7 Rxb7 29. bxc3 Rc8 30. Bf6 Bh6 31. Rc2 Rbc7 32. g4 Bg7 33. Re3 Rc4 34. g5 h6 35. gxh6 Bxh6 36. Rd3 Re4 37. Kg2 Rec4 38. Kf3 Bf8 39. h4 Bb4 40. h5 Rxc3 41. Rcxc3 Rxc3 42. Rxc3 Bxc3 43. hxg6 fxg6 44. Ke4 Kf7 45. Kd3 Bb2 46. Kc4 g5 47. Kd3 Kg6 48. Ke4 Bc1 49. Kf3 Kf5 50. a4 Bf4 51. Bd8 Bxe5 52. Ke3 g4 53. Kf2 g3+ 54. Kg2 Kg4 55. Bb6 Bf4 56. Kf1 Kf3 57. Kg1 Be3+ 58. Bxe3 Kxe3 59. Kg2 Kf4 60. Kg1 Kf3 61. a5 g2 62. Kh2 Kf2 63. Kh3 g1Q 0-1

[Event "Titled Tuesday intern op 02nd Jan Late"]
[Site "Chess.com INT"]
[Date "2024.01.02"]
[Round "8"]
[White "Dmitriev, Sergey"]
[Black "Petre, Nad Titus"]
[Result "0-1"]
[WhiteElo "2312"]
[BlackElo "2306"]
[PlyCount "40"]
[EventDate "2024.01.02"]
[EventType "swiss (blitz)"]
[EventRounds "11"]
[EventCountry "USA"]
[SourceTitle "EXT 2025"]
[Source "ChessBase"]
[SourceDate "2024.10.14"]
[SourceVersion "1"]
[SourceVersionDate "2024.10.14"]
[SourceQuality "1"]

1. e4 d5 2. exd5 Nf6 3. d4 Bg4 4. Be2 Bxe2 5. Nxe2 Qxd5 6. 0-0 e6 7. Nbc3 Qh5 8. Ng3 Qxd1 9. Rxd1 Nc6 10. d5 exd5 11. Nxd5 0-0-0 12. c4 Nxd5 13. cxd5 Nb4 14. Be3 Nxd5 15. Bd4 Rg8 16. Rac1 g6 17. Ne4 Bh6 18. Rc2 b6 19. Bf6 Nxf6 20. Rdc1 Bxc1 0-1

[Event "Titled Tuesday intern op 05th Dec Late"]
[Site "Chess.com INT"]
[Date "2023.12.05"]
[Round "10"]
[White "Chlpik, Martin"]
[Black "Dmitriev, Sergey"]
[Result "1-0"]
[WhiteElo "2283"]
[BlackElo "2312"]
[PlyCount "63"]
[EventDate "2023.12.05"]
[EventType "swiss (blitz)"]
[EventRounds "11"]
[EventCountry "USA"]
[SourceTitle "EXT 2025"]
[Source "ChessBase"]
[SourceDate "2024.10.14"]
[SourceVersion "1"]
[SourceVersionDate "2024.10.14"]
[SourceQuality "1"]

1. d4 d6 2. c4 g6 3. Nc3 Bg7 4. e4 Nf6 5. Be2 0-0 6. Be3 Nc6 7. g4 e5 8. g5 Nd7 9. Nf3 f5 10. d5 Ne7 11. h4 f4 12. Bd2 c6 13. Qc2 cxd5 14. cxd5 Nc5 15. 0-0-0 Bg4 16. Kb1 Bh5 17. Nh2 Bxe2 18. Nxe2 b5 19. Ng4 a5 20. h5 b4 21. hxg6 hxg6 22. Nh6+ Bxh6 23. Rxh6 Kg7 24. Rdh1 Qd7 25. Rh7+ Kg8 26. Qd1 Qg4 27. Rxe7 Rf7 28. Rxf7 Kxf7 29. Rh7+ Kg8 30. Qh1 Qxe2 31. Rh8+ Kf7 32. Qh7# 1-0

[Event "Titled Tuesday intern op 05th Dec Late"]
[Site "Chess.com INT"]
[Date "2023.12.05"]
[Round "5"]
[White "Kappeler, Kaspar"]
[Black "Dmitriev, Sergey"]
[Result "0-1"]
[WhiteElo "2169"]
[BlackElo "2312"]
[PlyCount "182"]
[EventDate "2023.12.05"]
[EventType "swiss (blitz)"]
[EventRounds "11"]
[EventCountry "USA"]
[SourceTitle "EXT 2025"]
[Source "ChessBase"]
[SourceDate "2024.10.14"]
[SourceVersion "1"]
[SourceVersionDate "2024.10.14"]
[SourceQuality "1"]

1. c4 d6 2. Nf3 g6 3. d4 Bg7 4. Nc3 Nf6 5. e4 0-0 6. Be2 Nc6 7. d5 Nb8 8. 0-0 e5 9. Ne1 a5 10. Nd3 Nbd7 11. f3 b6 12. Be3 Ba6 13. b3 Nc5 14. Nf2 Nh5 15. Re1 f5 16. a3 f4 17. Bd2 Qh4 18. b4 axb4 19. axb4 Nd7 20. c5 bxc5 21. Bxa6 cxb4 22. Nb5 Nc5 23. Nxc7 Ra7 24. Ne6 Rfa8 25. Nxc5 dxc5 26. Qe2 Qd8 27. Qf1 Qb6 28. Bc4 Kh8 29. Rxa7 Qxa7 30. Ng4 Qa3 31. Qd3 Qb2 32. Bc1 Qa1 33. Rf1 Nf6 34. Bxf4 Nxg4 35. Rxa1 Rxa1+ 36. Qf1 Rxf1+ 37. Kxf1 exf4 38. fxg4 Be5 39. Ke2 Kg7 40. Kf3 Kf6 41. h4 h6 42. Bb3 g5 43. h5 Ke7 44. Ke2 Kd6 45. Kd3 Kc7 46. Kc4 Kb6 47. Ba4 Bd6 48. Bd7 Be5 49. Be6 Ka5 50. Bd7 Kb6 51. Be8 Bd6 52. Ba4 Be5 53. Bb3 Bd6 54. Ba2 Be5 55. d6 Bxd6 56. Kd5 Bc7 57. e5 Kb5 58. e6 Bd8 59. Kd6 Bf6 60. e7 Bxe7+ 61. Kxe7 c4 62. Kd6 b3 63. Bb1 Kb4 64. Kd5 c3 65. Kd4 b2 66. Kd3 Kb3 67. Bc2+ Ka2 68. Kxc3 b1Q 69. Bxb1+ Kxb1 70. Kd4 Kc1 71. Ke5 Kd2 72. Kf6 Ke2 73. Kg6 Kf2 74. Kxh6 Kxg2 75. Kxg5 f3 76. h6 f2 77. h7 f1Q 78. h8Q Qb5+ 79. Kh4 Qe2 80. Qa8+ Kh2 81. Qb8+ Kh1 82. Qb7+ Kh2 83. Qc7+ Kh1 84. Qc6+ Kh2 85. Qd6+ Kh1 86. Qd5+ Kh2 87. Kg5 Qe7+ 88. Kh5 Qe8+ 89. Kg5 Qe7+ 90. Kf5 Qf8+ 91. Kg5 Qg7+ 0-1

[Event "Titled Tuesday intern op 05th Dec Late"]
[Site "Chess.com INT"]
[Date "2023.12.05"]
[Round "1"]
[White "Koc, Przemyslaw"]
[Black "Dmitriev, Sergey"]
[Result "1-0"]
[WhiteElo "2346"]
[BlackElo "2312"]
[PlyCount "127"]
[EventDate "2023.12.05"]
[EventType "swiss (blitz)"]
[EventRounds "11"]
[EventCountry "USA"]
[SourceTitle "EXT 2025"]
[Source "ChessBase"]
[SourceDate "2024.10.14"]
[SourceVersion "1"]
[SourceVersionDate "2024.10.14"]
[SourceQuality "1"]

1. d4 d6 2. e4 g6 3. Nc3 Bg7 4. Bg5 Nf6 5. e5 dxe5 6. dxe5 Nfd7 7. f4 0-0 8. Bc4 Kh8 9. Bh4 f6 10. exf6 Nxf6 11. Qxd8 Rxd8 12. Nf3 Bf5 13. Ne5 Rf8 14. 0-0-0 h6 15. h3 Nc6 16. g4 Nxe5 17. fxe5 Nxg4 18. hxg4 Bxg4 19. Rdf1 h5 20. Bxe7 Rxf1+ 21. Rxf1 Bxe5 22. Bf6+ Bxf6 23. Rxf6 Rd8 24. Rxg6 Rf8 25. Ne4 Bf5 26. Rf6 Rxf6 27. Nxf6 h4 28. Bd3 Be6 29. Be4 c6 30. Nh5 h3 31. a3 h2 32. Ng3 Kg7 33. Kd2 Kf6 34. Ke3 Kg5 35. Kf2 Kf4 36. Bh1 Bd5 37. Ne2+ Kg4 38. Bxd5 cxd5 39. Kg2 Kf5 40. Kxh2 Ke4 41. Nc3+ Kd4 42. Kg3 a5 43. Kf4 b5 44. Nxb5+ Kc4 45. Ke5 d4 46. Nxd4 a4 47. Ke4 Kc5 48. Kd3 Kd5 49. c4+ Kc5 50. Kc3 Kb6 51. Kb4 Kc7 52. Kxa4 Kb6 53. Kb4 Ka6 54. a4 Kb7 55. a5 Ka6 56. Ka4 Ka7 57. Kb5 Kb7 58. a6+ Ka7 59. Ka5 Ka8 60. Kb6 Kb8 61. Ne6 Ka8 62. c5 Kb8 63. a7+ Ka8 64. Nc7# 1-0

[Event "Titled Tuesday intern op 05th Dec Late"]
[Site "Chess.com INT"]
[Date "2023.12.05"]
[Round "8"]
[White "Miranda, Rafael"]
[Black "Dmitriev, Sergey"]
[Result "1-0"]
[WhiteElo "2298"]
[BlackElo "2312"]
[PlyCount "73"]
[EventDate "2023.12.05"]
[EventType "swiss (blitz)"]
[EventRounds "11"]
[EventCountry "USA"]
[SourceTitle "EXT 2025"]
[Source "ChessBase"]
[SourceDate "2024.10.14"]
[SourceVersion "1"]
[SourceVersionDate "2024.10.14"]
[SourceQuality "1"]

1. e3 d6 2. d4 g6 3. c4 Bg7 4. Nc3 Nf6 5. Nf3 0-0 6. Be2 Nc6 7. 0-0 Bg4 8. b3 Bxf3 9. Bxf3 e5 10. Bxc6 bxc6 11. dxe5 dxe5 12. Ba3 Re8 13. e4 Qd4 14. Qc2 Red8 15. Rad1 Qb6 16. Na4 Qa5 17. Bb2 Nh5 18. g3 Nf6 19. Bc3 Qa6 20. Bxe5 Re8 21. Qb2 Re6 22. Nc5 Qc8 23. Nxe6 Qxe6 24. Bxf6 Bxf6 25. Qc2 Re8 26. f3 Qh3 27. c5 h5 28. f4 h4 29. e5 Be7 30. Rf3 Qg4 31. Rdf1 h3 32. b4 Rd8 33. Rd3 Re8 34. Qd1 Qf5 35. Rd7 Qe4 36. Qd2 Qxb4 37. Qxb4 1-0